Loading...
| Painting/Sculpture | 0 | 2 | 0 | 0 | 20 | 107 | 108.50 | 0 | 0 | 0.98 | 7.78 |
| Literature - British | 0 | 2 | 0 | 0 | 20 | 73 | 73.50 | 0 | 1 | 6.92 | 15.56 |
| Literature - World | 0 | 1 | 0 | 0 | 10 | 105 | 105.00 | 0 | 0 | 0.63 | 2.22 |
| Mythology | 0 | 1 | 0 | 1 | 10 | 116 | 116.00 | 0 | 0 | 0.00 | 2.22 |
| Current Events | 0 | 1 | 0 | 1 | 10 | 90 | 90.00 | 0 | 0 | 2.18 | 4.44 |
| Fine Arts - Classical Music | 0 | 1 | 0 | 1 | 10 | 126 | 126.00 | 0 | 0 | 0.53 | 1.11 |
| Science - Chemistry | 0 | 1 | 0 | 1 | 10 | 100 | 100.00 | 0 | 0 | 0.83 | 3.33 |
| Religion | 0 | 0 | 0 | 0 | 0 | 0.00 | 0 | 0 | 0.00 | 0.00 | |
| Social Science | 0 | 0 | 0 | 0 | 0 | 0.00 | 0 | 0 | 0.00 | 0.00 | |
| Geography | 0 | 0 | 1 | 0 | -5 | 0.00 | 0 | 0 | 0.00 | 0.00 |